000 00777nam a2200181Ia 4500
008 100920s9999 xx 000 0 und d
082 _b102333
_a891.463.1 न 08
100 _aदेवधर विजय.
245 _aप्राणघातक कंठा आणि इतर अद्रभुत सत्य कथा.
260 _bसाकेत,औरंगाबाद.
_c2008
300 _a160
_bसाधी
365 _b130
520 _aलघुकथा.
630 _aप्राणघातक कंठा आणि इतर अद्रभुत सत्य कथा.
650 _aलघुकथा.
730 _aप्राणघातक कंठा आणि इतर अद्रभुत सत्य कथा.
942 _cBOOK
999 _c742766
_d742763